Statistiques concernant Culture Générale - Série 1959

Cliquez ici pour prendre le quiz!

Statistiques générales

  • Ce quiz a été pris 77 fois
  • Le résultat moyen est 5 sur 10

Statistiques - réponses

QuestionRéponse% Correct
Dans la mythologie grecque, quelle est la déesse de la beauté ?Aphrodite
75%
Quel roi est associé à Alfred Jarry ?Ubu
75%
Qui a écrit "Du côté de chez Swann" ?Marcel Proust
70%
De quel pays les "coptes" sont-ils les habitants chrétiens ?Egypte
68%
Quel mot d'origine russe désigne la forêt boréale ou forêt hudsonienne ?taïga
66%
Quel mot désigne à la fois un petit fouet et un oiseau souvent confondu avec une hirondelle ?martinet
63%
Quelle espèce d'animal est la lingue ?poisson
61%
Quel nom donne-t-on au fenouil batard ?aneth
28%
Quel footballeur portugais était surnommé "L'Aigle des Açores" ?Pedro Miguel Pauleta
18%
La plante "aconit" est appelée également "casque de .... voir photoJupiter
3%

Distribution des résultats

Percentile par nombre de réponses

% des personnes avec chaque résultat

Votre développement - résultats

Vous n’avez pas pris ce quiz